LIBRARY & INFORMATION CENTRE, KCAET, TAVANUR

ONLINE PUBLIC ACCESS CATALOGUE (OPAC)

Fundamental of civil engineering / (Record no. 9250)

MARC details
000 -LEADER
fixed length control field 00444cam a2200181ua 4500
041 ## - LANGUAGE CODE
Language code of text/sound track or separate title eng
082 ## - DEWEY DECIMAL CLASSIFICATION NUMBER
Classification number 624
Item number NAG/FU
100 ## - MAIN ENTRY--AUTHOR NAME
Personal name Nagraj, M S .
245 ## - TITLE STATEMENT
Title Fundamental of civil engineering /
260 ## - PUBLICATION, DISTRIBUTION, ETC. (IMPRINT)
Place of publication Allahabad :
Name of publisher Saroj Prakashan ,
Year of publication 1969.
300 ## - PHYSICAL DESCRIPTION
Number of Pages 267 ; .
700 1# - ADDED ENTRY--PERSONAL NAME
Personal name Sharama, S C .
942 ## - ADDED ENTRY ELEMENTS (KOHA)
Koha item type Books
Holdings
Withdrawn status Lost status Damaged status Home library Current library Date acquired Full call number Accession Number Koha item type
    Damaged KAUAET KAUAET 07/04/2012 624 17634 Books
free website counter